000
00350nam a2200145Ia 4500
008
240624s9999 xx 000 0 und d
041
_a
eng
082
_a
658.84 RAY
100
_a
RAYPORT JEFFREY F
245
_a
INTRODUCTION TO ECOMMERCE
250
_a
(2nd ed.)
260
_c
2003
_a
New Delhi
_b
Tata McGrawhill
300
_a
xxvii, : 516
365
_c
RS
999
_c
921
_d
921